000 00332nam a2200157Ia 4500
100 _aKendall/M.G/ Stuart/A
490 _vII
942 _cBK
654 _astatistics
245 _aAdvanced theory of Statistics
260 _bGriffin
_aLondon
_c1967
082 _a519.5
_bKEN
300 _a690
546 _aENGLISH
999 _c33989
_d33989